01087nam a2200193 a 450000100060000000300090000600800410001502000150005604000280007108200160009910000170011524500350013226000360016730000110020350506190021465000230083365000140085665000230087018609CO-ViMGA141112s2004 ck r 000 u spa d a9701016440 aCO-ViMGAbspacCO-ViMGA04a574.87 K1761 aKarp, Gerald10aBiología celular y molecular aMexico, cMcGraw - Hill, c1998 a746.p. aBiología celular Bases químicas de la vida Energía , enzimas y metabolismo Estructura y función de la membrana plasmática Respiración aeróbica y mitocondrias Fotosíntesis y cloroplastos Interacción entre las celulas y su entorno Sistemas de la membrana citoplasmática Citoesqueleto y motilidad celular Naturaleza del gen y del genoma Información genética Núcleo de la celula y control de la expresión de genes Duplicación y reparación del ADN Reproducción celular Señales celulares - Comunicación entre celulas y su ambiente Cáncer Tecnicas en biología celular y molecular14aBIOLOGIA MOLECULAR14aCITOLOGIA14aFISIOLOGIA CELULAR